ბათუმის შოთა რუსთაველის სახელმწიფო უნივერსიტეტის ბიბლიოთეკა

საქართველოს ეკონომიკა = Economics of Georgia = Экономика Грузии : საუკუნოვანი პანორამის შტრიხები : (ბიბ.ჩანაწერი № 58997)

000 -ლიდერი
ფიქსირებული სიგრძის საკონტროლო ველი 01063nam a22001817a 4500
003 - საკონტროლო ნომრის იდენტიფიკატორი
საკონტროლო ველი Ge_BSU
005 - ბოლო ოპერაციის თარიღი და დრო
საკონტროლო ველი 20221027173419.0
008 - ფიქსირებული სიგრძის მონაცემთა ელემენტები - ზოგადი ინფორმაცია
ფიქსირებული სიგრძის საკონტროლო ველი 221027s2002 ge ||||| |||| 00| 0 geo d
041 ## - ენის კოდი
Language code of text/sound track or separate title geo
080 ## - უნივერსალური ათობითი კლასიფიკაციის ინდექსი
Universal Decimal Classification number 338(479.22)(075.8) მ-20
100 ## - მთავარი ჩანაწერი - პიროვნების სახელი
Personal name მალაშხია, გიორგი
9 (RLIN) 7239
245 ## - ცნობა სათაურის შესახებ
Title საქართველოს ეკონომიკა = Economics of Georgia = Экономика Грузии : საუკუნოვანი პანორამის შტრიხები :
Remainder of title საქ. ეკონ. შემსწავლელთა დასახმარებლად /
Statement of responsibility, etc გიორგი მალაშხია ; [რედ.: თემურ შენგელია].
264 ## - წარმოების, გამოცემის, დისტრიბუციის და სხვა ცნობები
გამოცემის, წარმოების, დისტრიბუციის... ადგილი თბილისი :
გამოცემის, წარმოების, დისტრიბუციის... სახელწოდება [თსუ სოხუმის ფილიალის გამ-ბა],
გამოცემის, წარმოების, დისტრიბუციის... თარიღი 2002.
300 ## - ფიზიკური აღწერა
Extent 332 გვ. :
Other physical details ცხ. ;
Dimensions 20 სმ.
500 ## - ზოგადი შენიშვნა
General note დანართები: გვ. 306-311.
653 ## - INDEX TERM--UNCONTROLLED
Uncontrolled term საქართველოს ეკონომიკა
942 ## - ADDED ENTRY ELEMENTS (KOHA)
Source of classification or shelving scheme
Koha item type წიგნი
ეგზემპლარები
ჩამოწერის სტატუსი დაკარგული ეგზემპლარის სტატუსი კლასიფიკაციის წყარო ან თაროზე გაწყობის სქემა დაზიანების სტატუსი არ გაიცემა მუდმივი მდებარეობა (დაცვის ადგილი) ამჟამინდელი ადგილსამყოფელი თაროზე განთავსების ადგილი შეძენის თარიღი ღირებულება, შესყიდვის ნორმალური ფასი სრული შენახვის შიფრი შტრიხკოდი ბოლო ოპერაციის თარიღი ეგზემპლარის მიმდევრობითი ნომერი (კეტერი?) ფასის ძალაში შესვლის თარიღი ეგზემპლარის სახეობა საჯარო შენიშვნა
          ბათუმის შოთა რუსთაველის სახელმწიფო უნივერსიტეტის მთავარი ბიბლიოთეკა ბათუმის შოთა რუსთაველის სახელმწიფო უნივერსიტეტის მთავარი ბიბლიოთეკა წიგნსაცავი 2022-10-27 10.00 338(479.22)(075.8) მ-20 28805 2022-10-27 28805 2022-10-27 წიგნი 10 ლ.
          ბათუმის შოთა რუსთაველის სახელმწიფო უნივერსიტეტის მთავარი ბიბლიოთეკა ბათუმის შოთა რუსთაველის სახელმწიფო უნივერსიტეტის მთავარი ბიბლიოთეკა წიგნსაცავი 2026-04-23 10.00 338(479.22)(075.8) მ-20 747377 2026-04-23 747377 2026-04-23 წიგნი 10.00